00888nam a2200217 i 4500001000300000245004300003260004500046300003400091490011400125500003400239650002800273830010300301040000800404041001500412080001900427942000700446008004100453999001700494856009800511952006100609bg00aEksploatacja pojazdów samochodowych. aSzczecin :bWydaw. Uczelniane PS,c1990. a92 s. :brys., wykr ;c24 cm.1 aPrace Naukowe Politechniki Szczecińskiej. Zakład Techniki i Eksploatacji Samochodów,x0208-8088 ;vnr 15 aNumeracja ser. gł. : nr 416. 9aSamochodyxeksploatacja 0aPrace Naukowe Politechniki Szczecińskiej.pZakład Techniki i Eksploatacji Samochodów ;vnr 15 cBPK0 aplbenderu a629.113:621.43 cKS s pl f |000 0 pol  c29419d29419 uhttp://koha.tu.koszalin.pl/cgi-bin/koha/opac-detail.pl?biblionumber=29419yKatalog online BPK 00104070aBPKbBPKcwo35588p01088526s2022-01-13yKS